| 000 | 01020nam a2200193Ii 4500 | ||
|---|---|---|---|
| 003 | JO-AjNU | ||
| 008 | 230605s9999||||xx |||||||||||||| ||und|| | ||
| 017 | _a2019/1/442 | ||
| 040 |
_aJO-AjNU _bara _erda _cJO-AjNU |
||
| 041 | _aara | ||
| 050 | 1 | 4 | _aDS154.56.A22 2018 |
| 100 | 3 |
_aاعداد الديوان الملكي العاشمي العامر؛ جمع وتحرير منتهى قبلان العبداللات؛ المتابعة والتنسيق جنان زكي ابو زياد واحرون, _eauthor _958814 |
|
| 245 | 0 | 0 | _aالخطاب السامي لصاحب الجلالة الهاشمية الملك عبدالله الثاني ابن الحسين المعظم، المجلد الثامن عشر |
| 264 | 3 | 1 | _aعمان: الديوان الملكي العاشمي العامر، وحدة التوثيق والارشفة - ادارة الشؤون الادارية، 2019 |
| 300 | _aمج18: 160ص | ||
| 336 |
_atext _btxt _2rdacontent |
||
| 337 |
_aunmediated _bn _2rdamedia |
||
| 338 |
_avolume _bnc _2rdacarrier |
||
| 999 |
_aA26434 _c30002 _d30002 |
||